| LEADER | 00750njm#a2200253#a#4500 | ||
|---|---|---|---|
| 001 | 000516 | ||
| 005 | 20160707145715.0 | ||
| 008 | 031205s2003####ag##################spa#d | ||
| 040 | |a AR-BeUNQ | ||
| 099 | |a C/36-V12 [Solicitar en mostrador] | ||
| 100 | 1 | |a Varchausky, Nicolás | |
| 245 | 0 | 2 | |a Nicolás Varchausky y la banda de frontera / |c Nicolás Varchausky. |
| 260 | |a Buenos Aires : |b BAU, |c 2003 | ||
| 300 | |a 1 CD-ROM | ||
| 490 | 0 | |a Drama | |
| 500 | |a Contiene: La estupidez. -- La modestia. | ||
| 942 | |c CD |n 0 | ||
| 650 | 7 | |a MUSICA |2 spines | |
| 650 | 7 | |a ARTE DRAMATICO |2 spines | |
| 651 | 7 | |a ARGENTINA |2 Spines | |
| 653 | |a CD-AUDIO | ||
| 653 | |a DRAMA | ||
| 929 | |a COMPRA |b Nicolás Varchausky |d 20,00E |e 20031111 |f Patrimonio |j 35339 | ||
| 999 | |c 2816 |d 78203 | ||